000 00559cam a2200193ua 4500
001 1661
008 110714n ii |||gr||||Z||||||eng
040 _cMAIN
082 _a330.01
100 1 _aJathar, G. B.,
_d1887,
_q(Ganesh Bhaskar Jathar).
245 1 _aElementary principles of economics
_cby G. B. Jathar
250 _a1st.
260 _aNew Delhi:
_boxford university press,961.
300 _ax; 424p:
_bill;
_c23cm.
653 _aEconomics
653 _aPrinciples of economics
700 _aBeri, S. G.,
_d1894,
_q(Shridhar Govind Beri).
942 _cBK
999 _c1548
_d1548